000 00614nam a2200205 a 4500
003 MX-MxUPN
005 20241023121554.0
008 991125s1930 sp r 000 0 spa d
035 _aUPN01000039136
040 _aMX-MxUPN
_bspa
_cMX-MxUPN
041 0 _aspa
050 4 _aF1208
_bB4.4
100 1 _aBelausteguigoitia, Ramón de
_951475
245 1 0 _aMéxico de cerca
260 _aMadrid :
_b[Editor no identificado],
_c1930
300 _a236 páginas
651 4 _aMéxico
_xHistoria
_ySiglo XX
_94443
710 2 _aInstituto Nacional de Pedagogía (México)
_epropietario anterior
_928088
942 _2lcc
_cLIBRO
999 _c39136
_d39136